00497nam a2200157Ia 4500003000900000008004100009040001600050080002000066100001400086245007200100260005700172300002300229650004100252650002300293650002300316IN-BaIIA211028s9999 xx 000 0 eng d cIIA Library a083:5323bZWI-4 aZwicky, F 0aCatalogue of galaxies and of cluster of galaxiesbvol. 4cF. Zwicky aCaliforniabCalifornia Institute of Technologyc1964 a[various pagings.] aAstronomy and Astrophysics Thesaurus aCatalogue-Galaxies aGalaxies Catalogue